000 00312nam a22001337a 4500
008 181206b xxu||||| |||| 00| 0 eng d
020 _a9780133750157
041 _aeng
080 _a610
100 _a4
101 _aSHM
245 _aApplications In Medical Nutrtion Therapy
_cZeman.F.J
942 _2udc
_cBK
999 _c52967
_d52967